Stany USA z pustą mapą - Statystyki

Ogólne statystyki
  • Ten quiz został rozwiązany 2 119 razy
  • Średni wynik to 33 z 50
Odpowiedzi na mapie
Odpowiedzi zakodowano w zielono-czerwonej skali na mapie do tego quizu, zgodnie z poniższymi procentami.
 
Statystyki odpowiedzi
Stan % Poprawnych
Kalifornia
93%
Teksas
93%
Nowy Jork
91%
Waszyngton
89%
Floryda
88%
Alaska
84%
Karolina Północna
82%
Nowy Meksyk
82%
Karolina Południowa
81%
Alabama
78%
Arizona
78%
Nevada
78%
Dakota Północna
77%
Dakota Południowa
77%
Hawaje
77%
Ohio
73%
Kolorado
71%
Utah
69%
Idaho
68%
Wirginia
68%
Georgia
67%
Oregon
67%
Missisipi
65%
Montana
65%
Kansas
64%
Kentucky
64%
Illinois
63%
Luizjana
63%
Arkansas
62%
Oklahoma
62%
Pensylwania
62%
Missouri
61%
Nebraska
60%
New Jersey
60%
Indiana
59%
Michigan
59%
Wirginia Zachodnia
59%
Maine
57%
Wyoming
57%
Iowa
56%
Tennessee
56%
Rhode Island
53%
Wisconsin
52%
Massachusetts
50%
Vermont
50%
Maryland
49%
Delaware
48%
Minnesota
48%
New Hampshire
48%
Connecticut
45%
Nie znaleziono quizów pasujących do podanych kryteriów
Rozkład punktacji
Procent ludzi z każdym wynikiem
Percentyl według liczby udzielonych odpowiedzi
Twoja historia wyników
Nie rozwiązałeś tego quizu